Catálogo

EL VIVIENTE HUMANO : (Registro nro. 43323)

Detalles MARC
000 -LEADER
fixed length control field 00961nam a2200205 a 4500
001 - CONTROL NUMBER
control field 43323
005 - DATE AND TIME OF LATEST TRANSACTION
control field 20180714021812.0
008 - FIXED-LENGTH DATA ELEMENTS--GENERAL INFORMATION
fixed length control field 140415s2000 sp 000 0 spa d
020 ## - INTERNATIONAL STANDARD BOOK NUMBER
International Standard Book Number 8431318031
041 ## - LANGUAGE CODE
Language code of text/sound track or separate title spa
082 ## - DEWEY DECIMAL CLASSIFICATION NUMBER
Classification number 128
Item number SER
100 1# - MAIN ENTRY--PERSONAL NAME
Personal name SERANI MERLO, ALEJANDRO
245 13 - TITLE STATEMENT
Title EL VIVIENTE HUMANO :
Remainder of title ESTUDIOS BIOFILOSOFICOS Y ANTROPOLOGICOS.
250 ## - EDITION STATEMENT
Edition statement 1a ed.
260 ## - PUBLICATION, DISTRIBUTION, ETC.
Place of publication, distribution, etc. ESPAÑA :
Name of publisher, distributor, etc. EUNSA,
Date of publication, distribution, etc. 2000.
300 ## - PHYSICAL DESCRIPTION
Extent 159 ;
Dimensions x 14.6 x 21.5.
490 ## - SERIES STATEMENT
Series statement FILOSOFIA
520 ## - SUMMARY, ETC.
Summary, etc. EN LA BASE NO SÓLO DEL SOBREVIVIR SINO, MÁS AÚN, DEL VIVIR PROPIAMENTE HUMANO, SE ENCUENTRA LA IMPERIOSA NECEDIDAD DE CONOCER ALGO ACERCA DEL SENTIDO ÚLTIMO DE LAS COSAS, DE LOS SERES VIVOS, DEL HOMBRE Y DEL MUNDO. EL SER HUMANO ES UN ANIMAL DE SIGNIFICADOS, Y LA CIENCIA EXPERIMENTAL CARECE POR SÍ MISMA DE HERRAMIENTAS QUE LE PERMITAN HACER EL PASO DESDE LOS DATOS EMPÍRICOS A SU SENTIDO ONTOLÓGICO.
650 14 - SUBJECT ADDED ENTRY--TOPICAL TERM
Topical term or geographic name entry element ANTROPOLOGIA FILOSOFICA
Existencias
Withdrawn status Lost status Source of classification or shelving scheme Damaged status Not for loan Collection code Home library Current library Shelving location Date acquired Source of acquisition Inventory number Total Checkouts Full call number Barcode Date last seen Date last checked out Price effective from Koha item type
    Dewey Decimal Classification     General Biblioteca Karol Wojtyla Biblioteca Karol Wojtyla Sala general 03/12/2013 Compra 151000000000000000060806 2 128 SER 65158 05/01/2026 09/09/2022 26/01/2016 Libro